[Event "European Senior Team Championship 2021"]
[Site "Don Giovanni hotel, Vinohradska 2733, Prague, Czech Republic"]
[Date "2021.09.03"]
[Round "5"]
[Board "4"]
[White "Michalek, Jan"]
[Black "Taborska, Veronika"]
[Result "1-0"]
[WhiteElo "2276"]
[BlackElo "2002"]
[PlyCount "0"]
[EventDate "2021.08.30"]
[EventType "team"]
[EventRounds "9"]
[EventCountry "ECX"]
[WhiteTeam "1960-69"]
[BlackTeam "CZECH REPUBLIC WOMEN"]

1. e4 {[%clk 1:30:50]} d6 {[%clk 1:30:34]} 2. Nc3 {[%clk 1:30:54]} Nf6
{[%clk 1:30:07]} 3. d4 {[%clk 1:30:58]} g6 {[%clk 1:30:12]} 4. Bg5
{[%clk 1:30:33]} Bg7 {[%clk 1:29:42]} 5. Nf3 {[%clk 1:30:06]} c6 {[%clk 1:28:02]}
6. Qd2 {[%clk 1:30:04]} b5 {[%clk 1:20:23]} 7. Bd3 {[%clk 1:28:39]} O-O
{[%clk 1:16:44]} 8. h3 {[%clk 1:22:52]} b4 {[%clk 1:15:15]} 9. Ne2
{[%clk 1:22:52]} a5 {[%clk 1:14:55]} 10. Bh6 {[%clk 1:20:32]} c5 {[%clk 1:12:17]}
11. Bxg7 {[%clk 1:19:09]} Kxg7 {[%clk 1:12:37]} 12. e5 {[%clk 1:19:26]} Ne8
{[%clk 1:05:10]} 13. Be4 {[%clk 1:14:45]} d5 {[%clk 1:01:21]} 14. dxc5
{[%clk 1:15:03]} e6 {[%clk 1:01:29]} 15. Bd3 {[%clk 1:06:52]} Qc7
{[%clk 0:57:57]} 16. h4 {[%clk 1:00:10]} h5 {[%clk 0:53:14]} 17. Qg5
{[%clk 0:58:35]} Ba6 {[%clk 0:48:54]} 18. Nf4 {[%clk 0:57:10]} Bxd3
{[%clk 0:46:14]} 19. cxd3 {[%clk 0:55:05]} Rh8 {[%clk 0:44:39]} 20. d4
{[%clk 0:53:00]} Nc6 {[%clk 0:43:53]} 21. g4 {[%clk 0:48:13]} hxg4
{[%clk 0:43:25]} 22. Qxg4 {[%clk 0:48:19]} Kf8 {[%clk 0:43:02]} 23. h5
{[%clk 0:31:25]} Ng7 {[%clk 0:39:25]} 24. Rd1 {[%clk 0:26:15]} Nf5
{[%clk 0:38:16]} 25. Rg1 {[%clk 0:19:45]} gxh5 {[%clk 0:34:05]} 26. Nxh5
{[%clk 0:18:11]} Ncxd4 {[%clk 0:22:57]} 27. Rxd4 {[%clk 0:18:23]} Nxd4
{[%clk 0:23:19]} 28. Qg7+ {[%clk 0:18:46]} Ke7 {[%clk 0:23:41]} 29. Qf6+
{[%clk 0:17:50]} Kd7 {[%clk 0:23:57]} 30. Nxd4 {[%clk 0:15:52]} Raf8
{[%clk 0:21:58]} 31. Nxe6 {[%clk 0:15:22]} fxe6 {[%clk 0:20:38]} 32. Rg7+
{[%clk 0:15:46]} Kc8 {[%clk 0:19:51]} 33. Qxe6+ {[%clk 0:15:43]}  1-0

[Event "European Senior Team Championship 2021"]
[Site "Don Giovanni hotel, Vinohradska 2733, Prague, Czech Republic"]
[Date "2021.09.03"]
[Round "5"]
[Board "1"]
[White "Nudcenko, Karel"]
[Black "Hubeny, Pavel"]
[Result "1-0"]
[WhiteElo "2033"]
[BlackElo "1763"]
[PlyCount "0"]
[EventDate "2021.08.30"]
[EventType "team"]
[EventRounds "9"]
[EventCountry "ECX"]
[WhiteTeam "TJ SOKOL UDLICE"]
[BlackTeam "MAKKABI BOSKOVICE"]

1. e4 {[%clk 1:30:47]} e5 {[%clk 1:30:37]} 2. Nf3 {[%clk 1:30:53]} Nc6
{[%clk 1:31:04]} 3. Bb5 {[%clk 1:30:55]} a6 {[%clk 1:31:30]} 4. Bxc6
{[%clk 1:31:14]} dxc6 {[%clk 1:31:55]} 5. O-O {[%clk 1:31:33]} Bg4
{[%clk 1:32:18]} 6. h3 {[%clk 1:31:45]} Bxf3 {[%clk 1:32:45]} 7. Qxf3
{[%clk 1:31:58]} Qf6 {[%clk 1:33:07]} 8. Qb3 {[%clk 1:30:54]} O-O-O
{[%clk 1:33:23]} 9. d3 {[%clk 1:29:23]} Bd6 {[%clk 1:33:28]} 10. Nd2
{[%clk 1:27:51]} Ne7 {[%clk 1:33:23]} 11. Nc4 {[%clk 1:23:23]} g5
{[%clk 1:33:13]} 12. Be3 {[%clk 1:15:18]} c5 {[%clk 1:32:34]} 13. c3
{[%clk 1:12:21]} Nc6 {[%clk 1:31:27]} 14. Rfd1 {[%clk 1:08:46]} h5
{[%clk 1:31:47]} 15. g3 {[%clk 1:03:28]} Qg6 {[%clk 1:31:00]} 16. Qa3
{[%clk 0:55:29]} f5 {[%clk 1:30:58]} 17. Bxc5 {[%clk 0:48:59]} f4
{[%clk 1:29:05]} 18. Bxd6 {[%clk 0:47:03]} cxd6 {[%clk 1:29:05]} 19. Rd2
{[%clk 0:39:02]} d5 {[%clk 1:26:46]} 20. Nb6+ {[%clk 0:37:02]} Kb8
{[%clk 1:27:04]} 21. Nxd5 {[%clk 0:37:10]} Qe6 {[%clk 1:27:18]} 22. Kg2
{[%clk 0:35:34]} Rxd5 {[%clk 1:27:35]} 23. exd5 {[%clk 0:35:34]} Qxd5+
{[%clk 1:28:01]} 24. Kh2 {[%clk 0:33:09]} e4 {[%clk 1:27:29]} 25. Qb3
{[%clk 0:30:54]} Qd6 {[%clk 1:26:54]} 26. Re2 {[%clk 0:20:54]} fxg3+
{[%clk 1:26:32]} 27. fxg3 {[%clk 0:21:04]} h4 {[%clk 1:26:48]} 28. Re3
{[%clk 0:17:41]} Ne5 {[%clk 1:26:14]} 29. Rf1 {[%clk 0:16:13]} hxg3+
{[%clk 1:25:50]} 30. Kg2 {[%clk 0:14:35]} g4 {[%clk 1:24:58]} 31. Rxg3
{[%clk 0:13:51]} gxh3+ {[%clk 1:24:48]} 32. Rxh3 {[%clk 0:13:41]} Rxh3
{[%clk 1:24:57]} 33. Qg8+ {[%clk 0:13:18]} Ka7 {[%clk 1:25:09]} 34. Kxh3
{[%clk 0:13:17]} Qxd3+ {[%clk 1:24:45]} 35. Kg2 {[%clk 0:12:52]} Nf3
{[%clk 1:24:46]} 36. Qg3 {[%clk 0:09:56]} Qb5 {[%clk 1:20:09]} 37. Qf2+
{[%clk 0:07:19]} Kb8 {[%clk 1:20:06]} 38. Rh1 {[%clk 0:06:07]} a5
{[%clk 1:17:53]} 39. a4 {[%clk 0:02:05]} Qf5 {[%clk 1:17:01]} 40. Rh8+
{[%clk 0:01:18]} Kc7 {[%clk 1:17:17]} 41. Qg3+ {[%clk 0:00:40]} Qe5
{[%clk 1:15:03]} 42. Rh7+ {[%clk 0:28:53]} Kc6 {[%clk 1:44:40]} 43. Qg6+
{[%clk 0:27:39]}  1-0

[Event "European Senior Team Championship 2021"]
[Site "Don Giovanni hotel, Vinohradska 2733, Prague, Czech Republic"]
[Date "2021.09.03"]
[Round "5"]
[Board "2"]
[White "Zemanek, Jan"]
[Black "Svarc, Roman"]
[Result "0-1"]
[WhiteElo "1860"]
[BlackElo "2030"]
[PlyCount "0"]
[EventDate "2021.08.30"]
[EventType "team"]
[EventRounds "9"]
[EventCountry "ECX"]
[WhiteTeam "MAKKABI BOSKOVICE"]
[BlackTeam "TJ SOKOL UDLICE"]

1. c4 {[%clk 1:30:03]} e5 {[%clk 1:30:29]} 2. g3 {[%clk 1:29:54]} Nf6
{[%clk 1:30:41]} 3. Bg2 {[%clk 1:30:00]} Nc6 {[%clk 1:30:49]} 4. Nc3
{[%clk 1:30:01]} Bb4 {[%clk 1:27:41]} 5. Qb3 {[%clk 1:26:53]} O-O
{[%clk 1:22:23]} 6. e3 {[%clk 1:27:03]} Bxc3 {[%clk 1:21:50]} 7. Qxc3
{[%clk 1:20:40]} d5 {[%clk 1:21:37]} 8. d3 {[%clk 1:13:31]} Bf5 {[%clk 1:16:13]}
9. Qa3 {[%clk 0:59:24]} dxc4 {[%clk 1:13:42]} 10. dxc4 {[%clk 0:59:40]} Bd3
{[%clk 1:05:53]} 11. Bf1 {[%clk 0:58:28]} Bxf1 {[%clk 0:49:27]} 12. Kxf1
{[%clk 0:58:51]} a5 {[%clk 0:47:35]} 13. Ke2 {[%clk 0:53:19]} Nb4
{[%clk 0:45:42]} 14. Qb3 {[%clk 0:53:16]} e4 {[%clk 0:42:09]} 15. Bd2
{[%clk 0:51:13]} Nd3 {[%clk 0:41:21]} 16. Qc3 {[%clk 0:47:26]} Ra6
{[%clk 0:36:41]} 17. Be1 {[%clk 0:41:19]} Nxb2 {[%clk 0:30:56]} 18. Kf1
{[%clk 0:41:22]} Nd3 {[%clk 0:27:49]} 19. Kg2 {[%clk 0:41:24]} Ng4
{[%clk 0:26:30]} 20. h3 {[%clk 0:41:36]} Nge5 {[%clk 0:26:34]} 21. f4
{[%clk 0:38:13]} exf3+ {[%clk 0:24:53]} 22. Nxf3 {[%clk 0:38:30]} Nxf3
{[%clk 0:23:05]} 23. Kxf3 {[%clk 0:38:58]} Re8 {[%clk 0:23:08]} 24. Ke2
{[%clk 0:36:57]} Rd6 {[%clk 0:21:04]} 25. Bd2 {[%clk 0:34:57]} b6
{[%clk 0:19:43]} 26. Raf1 {[%clk 0:34:44]} Nc5 {[%clk 0:19:26]} 27. Be1
{[%clk 0:32:48]} Rd3 {[%clk 0:16:05]} 28. Qc1 {[%clk 0:32:38]} Qd4
{[%clk 0:14:33]} 29. Rf3 {[%clk 0:32:41]} Qe4 {[%clk 0:13:31]} 30. Rhf1
{[%clk 0:31:35]} Ne6 {[%clk 0:13:11]} 31. Bc3 {[%clk 0:26:01]} Rxc3
{[%clk 0:13:21]}  0-1

[Event "European Senior Team Championship 2021"]
[Site "Don Giovanni hotel, Vinohradska 2733, Prague, Czech Republic"]
[Date "2021.09.03"]
[Round "5"]
[Board "4"]
[White "Sysr, Pavel"]
[Black "Kozak, Karel"]
[Result "0-1"]
[WhiteElo "1563"]
[BlackElo "1859"]
[PlyCount "0"]
[EventDate "2021.08.30"]
[EventType "team"]
[EventRounds "9"]
[EventCountry "ECX"]
[WhiteTeam "MAKKABI BOSKOVICE"]
[BlackTeam "TJ SOKOL UDLICE"]

1. d4 {[%clk 1:30:55]} Nf6 {[%clk 1:30:38]} 2. c4 {[%clk 1:30:53]} e6
{[%clk 1:30:28]} 3. Nf3 {[%clk 1:30:48]} b6 {[%clk 1:29:39]} 4. e3
{[%clk 1:30:17]} Bb7 {[%clk 1:29:36]} 5. Be2 {[%clk 1:30:16]} Be7
{[%clk 1:28:04]} 6. O-O {[%clk 1:30:31]} O-O {[%clk 1:23:55]} 7. Nc3
{[%clk 1:29:51]} d5 {[%clk 1:23:13]} 8. b3 {[%clk 1:26:29]} Nbd7 {[%clk 1:20:02]}
9. cxd5 {[%clk 1:24:52]} Nxd5 {[%clk 1:14:20]} 10. Bb2 {[%clk 1:22:31]} N7f6
{[%clk 1:12:16]} 11. Nxd5 {[%clk 1:20:04]} Qxd5 {[%clk 1:00:41]} 12. Qc2
{[%clk 1:07:24]} Rac8 {[%clk 0:57:27]} 13. Qc4 {[%clk 1:05:09]} Ne4
{[%clk 0:52:08]} 14. Qxd5 {[%clk 1:03:42]} Bxd5 {[%clk 0:51:53]} 15. Rac1
{[%clk 1:01:24]} c5 {[%clk 0:50:27]} 16. Ba6 {[%clk 0:56:19]} Rc7
{[%clk 0:49:10]} 17. Ba3 {[%clk 0:49:55]} Rd8 {[%clk 0:43:54]} 18. Ne5
{[%clk 0:47:48]} Bd6 {[%clk 0:35:26]} 19. Nc4 {[%clk 0:39:52]} Bxc4
{[%clk 0:30:03]} 20. Bxc4 {[%clk 0:37:09]} cxd4 {[%clk 0:27:24]} 21. Bxd6
{[%clk 0:37:09]} Nxd6 {[%clk 0:27:33]} 22. exd4 {[%clk 0:32:30]} Nxc4
{[%clk 0:27:12]} 23. Rfd1 {[%clk 0:29:03]} b5 {[%clk 0:25:41]} 24. bxc4
{[%clk 0:28:05]} Rxc4 {[%clk 0:25:25]} 25. Rxc4 {[%clk 0:27:20]} bxc4
{[%clk 0:25:43]} 26. Kf1 {[%clk 0:24:34]} Kf8 {[%clk 0:25:26]} 27. Ke2
{[%clk 0:24:57]} Ke7 {[%clk 0:25:36]} 28. Ke3 {[%clk 0:25:19]} Rb8
{[%clk 0:24:00]} 29. Rc1 {[%clk 0:22:37]} Rb4 {[%clk 0:23:19]} 30. Rc2
{[%clk 0:20:55]} Kd6 {[%clk 0:22:48]} 31. Kd2 {[%clk 0:21:12]} Kd5
{[%clk 0:22:29]} 32. Kc3 {[%clk 0:20:39]} a5 {[%clk 0:21:47]} 33. f3
{[%clk 0:20:29]} f6 {[%clk 0:21:25]} 34. g3 {[%clk 0:18:56]} Rb1 {[%clk 0:21:09]}
35. Rd2 {[%clk 0:16:49]} g5 {[%clk 0:19:55]} 36. f4 {[%clk 0:12:16]} gxf4
{[%clk 0:19:30]} 37. gxf4 {[%clk 0:12:40]} Rf1 {[%clk 0:19:38]}  0-1

[Event "European Senior Team Championship 2021"]
[Site "Don Giovanni hotel, Vinohradska 2733, Prague, Czech Republic"]
[Date "2021.09.03"]
[Round "5"]
[Board "1"]
[White "Svanda, Pavel"]
[Black "Hracek, Zbynek"]
[Result "0-1"]
[WhiteElo "2081"]
[BlackElo "2565"]
[PlyCount "0"]
[EventDate "2021.08.30"]
[EventType "team"]
[EventRounds "9"]
[EventCountry "ECX"]
[WhiteTeam "KSS VYSOCINA"]
[BlackTeam "CZECH REPUBLIC"]

1. e4 {[%clk 1:30:54]} c5 {[%clk 1:30:56]} 2. Nf3 {[%clk 1:31:16]} d6
{[%clk 1:31:23]} 3. d4 {[%clk 1:31:41]} cxd4 {[%clk 1:31:48]} 4. Nxd4
{[%clk 1:32:03]} Nf6 {[%clk 1:32:13]} 5. Nc3 {[%clk 1:32:30]} a6 {[%clk 1:32:34]}
6. Be2 {[%clk 1:32:11]} e5 {[%clk 1:32:56]} 7. Nb3 {[%clk 1:32:35]} Be7
{[%clk 1:33:21]} 8. O-O {[%clk 1:32:51]} Be6 {[%clk 1:33:45]} 9. f4
{[%clk 1:31:41]} Qc7 {[%clk 1:34:07]} 10. Be3 {[%clk 1:30:14]} Nbd7
{[%clk 1:34:06]} 11. Kh1 {[%clk 1:20:04]} O-O {[%clk 1:31:43]} 12. Bd3
{[%clk 1:08:55]} exf4 {[%clk 1:25:35]} 13. Bxf4 {[%clk 1:09:00]} Ne5
{[%clk 1:25:53]} 14. Nd4 {[%clk 1:08:55]} Qb6 {[%clk 1:20:08]} 15. Nxe6
{[%clk 1:04:29]} fxe6 {[%clk 1:20:09]} 16. Qd2 {[%clk 1:01:40]} Rf7
{[%clk 1:15:58]} 17. Be3 {[%clk 0:59:29]} Qc6 {[%clk 1:11:21]} 18. a4
{[%clk 0:50:51]} Rc8 {[%clk 1:05:19]} 19. Bd4 {[%clk 0:42:54]} Rcf8
{[%clk 0:53:53]} 20. Qe2 {[%clk 0:42:21]} Bd8 {[%clk 0:53:33]} 21. a5
{[%clk 0:21:44]} Qc8 {[%clk 0:50:40]} 22. Bxe5 {[%clk 0:20:32]} dxe5
{[%clk 0:50:58]} 23. Bc4 {[%clk 0:20:55]} Re8 {[%clk 0:38:44]} 24. Bb3
{[%clk 0:20:59]} Qc5 {[%clk 0:38:12]} 25. Qc4 {[%clk 0:18:34]} Qxc4
{[%clk 0:28:28]} 26. Bxc4 {[%clk 0:18:59]} Rc7 {[%clk 0:28:53]} 27. Ra4
{[%clk 0:12:55]} Kf7 {[%clk 0:22:24]} 28. h3 {[%clk 0:12:50]} Rc5
{[%clk 0:16:55]} 29. Rfa1 {[%clk 0:13:11]} Bxa5 {[%clk 0:16:40]} 30. Rxa5
{[%clk 0:08:08]} Rxc4 {[%clk 0:17:05]} 31. Rxe5 {[%clk 0:08:25]} Rd8
{[%clk 0:15:03]} 32. Rea5 {[%clk 0:08:12]} Nxe4 {[%clk 0:14:23]} 33. Nxe4
{[%clk 0:08:37]} Rxe4 {[%clk 0:14:52]} 34. Rf1+ {[%clk 0:08:38]} Ke7
{[%clk 0:15:19]} 35. Rf2 {[%clk 0:09:02]} Red4 {[%clk 0:14:15]} 36. Rc5
{[%clk 0:08:46]} Rd2 {[%clk 0:14:12]} 37. Rc7+ {[%clk 0:08:47]} R8d7
{[%clk 0:14:30]} 38. Rxd7+ {[%clk 0:09:07]} Rxd7 {[%clk 0:14:58]} 39. Re2
{[%clk 0:08:59]} Rd5 {[%clk 0:14:22]} 40. Kg1 {[%clk 0:09:21]} a5
{[%clk 0:14:21]} 41. Kf2 {[%clk 0:09:41]} Kd6 {[%clk 0:12:52]} 42. Kf3
{[%clk 0:09:22]} b5 {[%clk 0:12:10]} 43. Re3 {[%clk 0:08:27]} Rf5+
{[%clk 0:08:13]} 44. Kg3 {[%clk 0:08:49]} Rc5 {[%clk 0:08:35]} 45. Re2
{[%clk 0:08:30]} a4 {[%clk 0:07:38]}  0-1

[Event "European Senior Team Championship 2021"]
[Site "Don Giovanni hotel, Vinohradska 2733, Prague, Czech Republic"]
[Date "2021.09.03"]
[Round "5"]
[Board "2"]
[White "Haba, Petr"]
[Black "Miculka, Petr"]
[Result "1-0"]
[WhiteElo "2444"]
[BlackElo "2081"]
[PlyCount "0"]
[EventDate "2021.08.30"]
[EventType "team"]
[EventRounds "9"]
[EventCountry "ECX"]
[WhiteTeam "CZECH REPUBLIC"]
[BlackTeam "KSS VYSOCINA"]

1. d4 {[%clk 1:30:47]} Nf6 {[%clk 1:30:33]} 2. c4 {[%clk 1:31:08]} g6
{[%clk 1:30:25]} 3. Nc3 {[%clk 1:31:30]} Bg7 {[%clk 1:30:27]} 4. e4
{[%clk 1:31:40]} d6 {[%clk 1:30:43]} 5. f3 {[%clk 1:31:49]} O-O {[%clk 1:29:47]}
6. Be3 {[%clk 1:32:05]} e5 {[%clk 1:29:43]} 7. Nge2 {[%clk 1:32:22]} c6
{[%clk 1:28:54]} 8. Qd2 {[%clk 1:31:48]} a5 {[%clk 1:23:20]} 9. O-O-O
{[%clk 1:27:15]} Ne8 {[%clk 1:15:09]} 10. dxe5 {[%clk 1:25:08]} Bxe5
{[%clk 1:13:27]} 11. h4 {[%clk 1:25:28]} b5 {[%clk 1:08:27]} 12. cxb5
{[%clk 1:24:40]} cxb5 {[%clk 1:07:54]} 13. h5 {[%clk 1:23:38]} Nc6
{[%clk 1:04:37]} 14. hxg6 {[%clk 1:22:04]} hxg6 {[%clk 0:58:45]} 15. Bb6
{[%clk 1:07:13]} Qf6 {[%clk 0:51:58]} 16. Nd5 {[%clk 1:04:21]} Qg7
{[%clk 0:49:05]} 17. Qc2 {[%clk 1:03:13]} f5 {[%clk 0:47:21]} 18. Qxc6
{[%clk 1:01:47]} Bxb2+ {[%clk 0:47:42]} 19. Kb1 {[%clk 1:01:58]} fxe4
{[%clk 0:40:07]} 20. Qxa8 {[%clk 0:44:07]} Bf5 {[%clk 0:26:44]} 21. Nd4
{[%clk 0:40:41]} Ba3 {[%clk 0:24:07]} 22. Ne7+ {[%clk 0:34:48]} Qxe7
{[%clk 0:21:19]} 23. Nxf5 {[%clk 0:33:58]} Rxf5 {[%clk 0:15:55]} 24. Bd4
{[%clk 0:33:12]} Re5 {[%clk 0:10:42]} 25. f4 {[%clk 0:32:47]} d5 {[%clk 0:10:22]}
26. Bxe5 {[%clk 0:31:29]} Qb4+ {[%clk 0:10:24]} 27. Ka1 {[%clk 0:31:48]}  1-0

[Event "European Senior Team Championship 2021"]
[Site "Don Giovanni hotel, Vinohradska 2733, Prague, Czech Republic"]
[Date "2021.09.03"]
[Round "5"]
[Board "4"]
[White "Konopka, Michal"]
[Black "Korinkova, Eva"]
[Result "1-0"]
[WhiteElo "2368"]
[BlackElo "1801"]
[PlyCount "0"]
[EventDate "2021.08.30"]
[EventType "team"]
[EventRounds "9"]
[EventCountry "ECX"]
[WhiteTeam "CZECH REPUBLIC"]
[BlackTeam "KSS VYSOCINA"]

1. Nf3 {[%clk 1:30:50]} Nf6 {[%clk 1:29:10]} 2. c4 {[%clk 1:27:59]} g6
{[%clk 1:29:32]} 3. g3 {[%clk 1:28:20]} Bg7 {[%clk 1:29:40]} 4. d4
{[%clk 1:28:22]} d6 {[%clk 1:27:39]} 5. Bg2 {[%clk 1:28:46]} O-O {[%clk 1:27:46]}
6. Nc3 {[%clk 1:29:05]} Nbd7 {[%clk 1:27:08]} 7. O-O {[%clk 1:27:41]} e5
{[%clk 1:23:56]} 8. e4 {[%clk 1:24:57]} exd4 {[%clk 1:14:46]} 9. Nxd4
{[%clk 1:25:14]} Ne5 {[%clk 1:13:46]} 10. b3 {[%clk 1:22:31]} Bg4
{[%clk 1:09:09]} 11. f3 {[%clk 1:22:01]} Bd7 {[%clk 1:08:52]} 12. Be3
{[%clk 1:21:55]} a6 {[%clk 1:06:35]} 13. Qd2 {[%clk 1:16:35]} Re8
{[%clk 1:00:22]} 14. Rac1 {[%clk 1:14:54]} Qc8 {[%clk 0:49:37]} 15. Nd5
{[%clk 1:13:10]} Be6 {[%clk 0:30:14]} 16. Bg5 {[%clk 1:09:16]} Ned7
{[%clk 0:27:17]} 17. Rfd1 {[%clk 1:08:41]} Kf8 {[%clk 0:24:30]} 18. Qf4
{[%clk 1:03:22]} Ng8 {[%clk 0:20:46]} 19. Nxe6+ {[%clk 1:03:15]} Rxe6
{[%clk 0:21:07]} 20. Bh3 {[%clk 1:03:30]} Re5 {[%clk 0:18:59]} 21. Qd2
{[%clk 0:56:39]} Rxg5 {[%clk 0:11:53]} 22. Qxg5 {[%clk 0:54:25]} Bh6
{[%clk 0:12:20]} 23. Qg4 {[%clk 0:41:02]} Bxc1 {[%clk 0:06:48]} 24. Rxc1
{[%clk 0:40:51]} Ke8 {[%clk 0:07:15]} 25. c5 {[%clk 0:39:24]} dxc5
{[%clk 0:05:10]} 26. Qf4 {[%clk 0:38:27]} Kd8 {[%clk 0:04:11]} 27. Qxf7
{[%clk 0:38:16]}  1-0

[Event "European Senior Team Championship 2021"]
[Site "Don Giovanni hotel, Vinohradska 2733, Prague, Czech Republic"]
[Date "2021.09.03"]
[Round "5"]
[Board "1"]
[White "Kachiani-Gersinska, Ketino"]
[Black "Nemec, Pavel"]
[Result "1/2-1/2"]
[WhiteElo "2318"]
[BlackElo "2213"]
[PlyCount "0"]
[EventDate "2021.08.30"]
[EventType "team"]
[EventRounds "9"]
[EventCountry "ECX"]
[WhiteTeam "GERMANY 1 WOMEN"]
[BlackTeam "SK BOHEMIA PARDUBICE"]

1. Nf3 {[%clk 1:30:56]} Nf6 {[%clk 1:30:51]} 2. g3 {[%clk 1:31:03]} g6
{[%clk 1:31:15]} 3. Bg2 {[%clk 1:31:16]} Bg7 {[%clk 1:31:36]} 4. d4
{[%clk 1:29:16]} O-O {[%clk 1:30:41]} 5. O-O {[%clk 1:29:38]} c6 {[%clk 1:30:51]}
6. Nc3 {[%clk 1:21:36]} d5 {[%clk 1:30:21]} 7. Re1 {[%clk 1:13:01]} Nbd7
{[%clk 1:24:23]} 8. e4 {[%clk 1:09:49]} Nxe4 {[%clk 1:24:37]} 9. Nxe4
{[%clk 1:10:13]} dxe4 {[%clk 1:24:58]} 10. Rxe4 {[%clk 1:10:00]} Nf6
{[%clk 1:22:43]} 11. Re1 {[%clk 1:09:59]} Bg4 {[%clk 1:21:09]} 12. c3
{[%clk 1:06:53]} Re8 {[%clk 1:19:18]} 13. Qb3 {[%clk 1:01:10]} Qb6
{[%clk 1:16:26]} 14. h3 {[%clk 0:57:55]} Qxb3 {[%clk 1:13:24]} 15. axb3
{[%clk 0:58:07]} Be6 {[%clk 1:11:57]} 16. b4 {[%clk 0:48:10]} Bd5
{[%clk 1:08:27]} 17. Bf4 {[%clk 0:40:24]} Nd7 {[%clk 1:06:29]} 18. h4
{[%clk 0:32:01]} a6 {[%clk 1:03:08]} 19. h5 {[%clk 0:32:06]} gxh5
{[%clk 1:01:31]} 20. Ne5 {[%clk 0:32:30]} Nf8 {[%clk 0:54:10]} 21. Nd3
{[%clk 0:29:44]} Ng6 {[%clk 0:45:26]} 22. Bc7 {[%clk 0:24:56]} Rac8
{[%clk 0:40:35]} 23. Bb6 {[%clk 0:24:02]} Bxg2 {[%clk 0:34:19]} 24. Kxg2
{[%clk 0:22:43]} e6 {[%clk 0:32:50]} 25. Rh1 {[%clk 0:21:00]} h4 {[%clk 0:32:50]}
26. gxh4 {[%clk 0:20:25]} h5 {[%clk 0:32:09]} 27. Ra5 {[%clk 0:19:27]} f5
{[%clk 0:32:24]} 28. Kf3 {[%clk 0:18:56]} Kf7 {[%clk 0:25:30]} 29. Ne5+
{[%clk 0:17:12]} Bxe5 {[%clk 0:22:47]} 30. dxe5 {[%clk 0:17:38]} Re7
{[%clk 0:22:46]} 31. Ke3 {[%clk 0:16:12]} Rd7 {[%clk 0:22:20]} 32. Bd4
{[%clk 0:12:11]} Rg8 {[%clk 0:20:39]} 33. Raa1 {[%clk 0:11:29]} Ne7
{[%clk 0:19:58]} 34. Rag1 {[%clk 0:11:01]} Nd5+ {[%clk 0:19:25]} 35. Kd3
{[%clk 0:11:21]} Rg4 {[%clk 0:18:54]} 36. Kc4 {[%clk 0:09:38]} Rd8
{[%clk 0:15:03]} 37. f3 {[%clk 0:09:34]} Rgg8 {[%clk 0:14:06]} 38. Rxg8
{[%clk 0:05:53]} Rxg8 {[%clk 0:14:27]} 39. Rg1 {[%clk 0:06:15]}  1/2-1/2

[Event "European Senior Team Championship 2021"]
[Site "Don Giovanni hotel, Vinohradska 2733, Prague, Czech Republic"]
[Date "2021.09.03"]
[Round "5"]
[Board "2"]
[White "Malinovsky, Petr"]
[Black "Spiel, Marianne"]
[Result "1/2-1/2"]
[WhiteElo "2076"]
[BlackElo "1869"]
[PlyCount "0"]
[EventDate "2021.08.30"]
[EventType "team"]
[EventRounds "9"]
[EventCountry "ECX"]
[WhiteTeam "SK BOHEMIA PARDUBICE"]
[BlackTeam "GERMANY 1 WOMEN"]

1. d4 {[%clk 1:30:56]} Nf6 {[%clk 1:30:52]} 2. c4 {[%clk 1:31:18]} g6
{[%clk 1:31:10]} 3. f3 {[%clk 1:31:15]} Bg7 {[%clk 1:31:31]} 4. e4
{[%clk 1:31:39]} d6 {[%clk 1:31:29]} 5. Nc3 {[%clk 1:31:58]} O-O {[%clk 1:31:41]}
6. Be3 {[%clk 1:32:13]} a6 {[%clk 1:31:45]} 7. Bd3 {[%clk 1:32:07]} Nfd7
{[%clk 1:31:35]} 8. Nge2 {[%clk 1:27:44]} c5 {[%clk 1:31:37]} 9. Qd2
{[%clk 1:25:14]} Nc6 {[%clk 1:30:56]} 10. Bc2 {[%clk 1:21:55]} Rb8
{[%clk 1:29:17]} 11. O-O {[%clk 1:17:34]} b5 {[%clk 1:27:13]} 12. b3
{[%clk 1:12:48]} bxc4 {[%clk 1:18:25]} 13. bxc4 {[%clk 1:12:51]} Na5
{[%clk 1:18:26]} 14. Bd3 {[%clk 1:08:28]} cxd4 {[%clk 1:05:02]} 15. Nxd4
{[%clk 1:07:11]} Ne5 {[%clk 1:03:23]} 16. Qe2 {[%clk 1:06:58]} Re8
{[%clk 0:45:33]} 17. Rab1 {[%clk 1:03:10]} Rxb1 {[%clk 0:42:41]}  1/2-1/2

[Event "European Senior Team Championship 2021"]
[Site "Don Giovanni hotel, Vinohradska 2733, Prague, Czech Republic"]
[Date "2021.09.03"]
[Round "5"]
[Board "3"]
[White "Leib, Britta"]
[Black "Paldus, Petr"]
[Result "1/2-1/2"]
[WhiteElo "1916"]
[BlackElo "2025"]
[PlyCount "0"]
[EventDate "2021.08.30"]
[EventType "team"]
[EventRounds "9"]
[EventCountry "ECX"]
[WhiteTeam "GERMANY 1 WOMEN"]
[BlackTeam "SK BOHEMIA PARDUBICE"]

1. e4 {[%clk 1:30:56]} e5 {[%clk 1:30:55]} 2. Nf3 {[%clk 1:31:17]} Nc6
{[%clk 1:31:21]} 3. Bc4 {[%clk 1:31:34]} Be7 {[%clk 1:31:31]} 4. d3
{[%clk 1:29:02]} Nf6 {[%clk 1:31:45]} 5. h3 {[%clk 1:26:53]} d6 {[%clk 1:30:28]}
6. c3 {[%clk 1:24:32]} Be6 {[%clk 1:28:58]} 7. Bxe6 {[%clk 1:15:13]} fxe6
{[%clk 1:29:25]} 8. Qb3 {[%clk 1:15:13]} Qc8 {[%clk 1:29:45]} 9. Nbd2
{[%clk 1:13:34]} O-O {[%clk 1:25:50]} 10. O-O {[%clk 1:08:57]} Nh5
{[%clk 1:20:59]} 11. g3 {[%clk 1:07:49]} a5 {[%clk 1:13:02]} 12. Kg2
{[%clk 1:01:31]} a4 {[%clk 1:11:21]} 13. Qd1 {[%clk 1:01:12]} Qe8
{[%clk 1:10:54]} 14. Nh2 {[%clk 0:51:01]} Qg6 {[%clk 1:05:08]} 15. Qg4
{[%clk 0:49:43]} Qxg4 {[%clk 1:04:18]} 16. hxg4 {[%clk 0:49:17]} Nf6
{[%clk 1:04:41]} 17. Ndf3 {[%clk 0:46:50]} Nd7 {[%clk 1:02:39]} 18. Be3
{[%clk 0:40:33]} d5 {[%clk 0:53:53]} 19. Rad1 {[%clk 0:36:13]} Bc5
{[%clk 0:44:11]} 20. Bc1 {[%clk 0:26:50]} b5 {[%clk 0:30:34]} 21. g5
{[%clk 0:22:03]} b4 {[%clk 0:26:21]} 22. exd5 {[%clk 0:15:11]} exd5
{[%clk 0:26:43]} 23. d4 {[%clk 0:15:25]} exd4 {[%clk 0:26:39]} 24. cxd4
{[%clk 0:15:26]} Bd6 {[%clk 0:25:38]} 25. Ng4 {[%clk 0:14:33]} Rfe8
{[%clk 0:21:30]} 26. Ne3 {[%clk 0:12:42]} Ne7 {[%clk 0:17:24]} 27. Bd2
{[%clk 0:12:01]} b3 {[%clk 0:14:14]} 28. a3 {[%clk 0:06:43]} c5 {[%clk 0:09:43]}
29. dxc5 {[%clk 0:05:36]} Bxc5 {[%clk 0:09:32]} 30. Rfe1 {[%clk 0:05:39]} Nb6
{[%clk 0:07:05]} 31. Bc3 {[%clk 0:05:00]} Bxe3 {[%clk 0:05:39]} 32. Rxe3
{[%clk 0:04:30]} Nf5 {[%clk 0:04:29]} 33. Red3 {[%clk 0:04:20]} Rac8
{[%clk 0:03:59]} 34. Nd4 {[%clk 0:02:03]} Nxd4 {[%clk 0:03:57]} 35. Bxd4
{[%clk 0:02:06]} Nc4 {[%clk 0:03:44]} 36. Kf1 {[%clk 0:01:49]} Red8
{[%clk 0:01:50]} 37. Bc3 {[%clk 0:01:50]} Nb6 {[%clk 0:01:34]} 38. Re1
{[%clk 0:01:24]} Kf7 {[%clk 0:01:33]} 39. Rf3+ {[%clk 0:01:44]} Kg8
{[%clk 0:01:34]} 40. Rd3 {[%clk 0:01:00]} Rd7 {[%clk 0:01:30]} 41. Re2
{[%clk 0:01:04]} Nc4 {[%clk 0:25:29]} 42. Bd4 {[%clk 0:31:13]} Nd6  1/2-1/2